00693nam a2200205 a 450000100100000000500170001000800410002704000250006808200190009310000310011224500780014326000390022130000370026065000320029765000250032965000190035465000340037365000360040771000440044300003287220240307073948.0110801s19uu dr ag 001 0 spa d aDO-SdBNPbspacBNPHU a782.525bH557c1 aHernández, Julio Alberto10aCanciones dominicanas :bpara masas corales /cJulio Alberto Hernández. a[Santo Domingo] :bUASD,c[19--?]. a97 p. :bil., música ;c28 cm. 4aMúsica popular dominicana 4aMúsica y canciones 4aMúsica coral 4aCanciones dominicanasxTextos 4aMúsica dominicanavPARTITURAS1 aUniversidad Autónoma de Santo Domingo